[Event "TGT 01.02"]
[Site "email"]
[Date "1998.07.12"]
[Round "?"]
[White "Velden, Eddy van de"]
[Black "Yoos, Jack (John C.)"]
[Result "0-1"]
[WhiteElo "1854"]
[BlackElo "2345"]
[PlyCount "50"]
[EventDate "1998.07.12"]
[Source "www.chesslib.no"]
[SourceDate "2004.05.04"]

1. e4 e5 2. f4 exf4 3. Nf3 g5 4. Bc4 g4 5. O-O gxf3 6. Qxf3 Qf6 7. e5 Qxe5 8. Bxf7+ Kxf7 9. d4 Qf5 10. Bxf4 Nf6 11. Nc3 d6 12. Qe3 Bg7 13. Bg5 Re8 14. Qd2 Qg6 15. Nd5 Bf5 16. Bxf6 Bxf6 17. Nxc7 Nc6 18. Nxa8 Bxd4+ 19. Kh1 Rxa8 20. Qd3 Ke6 21. Rae1+ Be5 22. Qb3+ d5 23. Qxb7 Qe8 24. Rf3 Rb8 25. Qc7 Be4 0-1

[Event "TGT"]
[Site "?"]
[Date "1998.??.??"]
[Round "?"]
[White "Yoos, Jack (John C.)"]
[Black "Velden, Eddy van de"]
[Result "0-1"]
[WhiteElo "2345"]
[BlackElo "1850"]
[PlyCount "32"]
[EventDate "1998.??.??"]
[Source "www.chesslib.no"]
[SourceDate "2004.05.04"]

1. e4 e5 2. f4 exf4 3. Nf3 g5 4. Bc4 g4 5. O-O gxf3 6. Qxf3 Qf6 7. e5 Qxe5 8. Bxf7+ Kxf7 9. d4 Qf5 10. Bxf4 Nf6 11. Qe2 d6 12. Nc3 Qg4 13. Qd2 Rg8 14. Rf2 Bf5 15. Raf1 Nbd7 16. Be3 Be4 0-1

[Event "Corr"]
[Site "?"]
[Date "2003.01.03"]
[Round "?"]
[White "Nagley Tim"]
[Black "Cehajic Mustafa"]
[Result "1-0"]
[WhiteElo "2159"]
[BlackElo "2021"]
[PlyCount "94"]
[EventDate "2003.??.??"]
[Source "www.chesslib.no"]
[SourceDate "2004.05.04"]

1. e4 e5 2. f4 exf4 3. Nf3 g5 4. Bc4 g4 5. O-O gxf3 6. Qxf3 Qf6 7. d3 Bh6 8. Nc3 Ne7 9. Bxf4 Bxf4 10. Qxf4 Qxf4 11. Rxf4 f5 12. exf5 c6 13. Re1 Kd8 14. Bf7 d5 15. g4 Nd7 16. Ne2 c5 17. Nc3 d4 18. Ne4 b6 19. g5 Bb7 20. Nd6 Bc6 21. Rh4 Kc7 22. Rh6 Nd5 23. Ne8+ Kb7 24. Bxd5 Bxd5 25. Re7 Bc6 26. Nf6 Kc7 27. h4 Raf8 28. Rg7 Ba4 29. b3 Bb5 30. Kg2 Kc8 31. Ne4 Kd8 32. Nd6 Bc6+ 33. Kg3 Kc7 34. Kf4 Rfg8 35. Re7 Bd5 36. h5 Rf8 37. Ne4 Kd8 38. Rexh7 Rxh7 39. Rxh7 Be6 40. f6 Bd5 41. h6 a6 42. Kf5 Re8 43. g6 Re5+ 44. Kf4 Rh5 45. g7 Kc7 46. Rh8 Be6 47. h7 Rh4+ 1-0

[Event "Corr"]
[Site "?"]
[Date "2003.01.03"]
[Round "?"]
[White "Cehajic Mustafa"]
[Black "Nagley Tim"]
[Result "0-1"]
[WhiteElo "2033"]
[BlackElo "2144"]
[PlyCount "63"]
[EventDate "2003.??.??"]
[Source "www.chesslib.no"]
[SourceDate "2004.05.04"]

1. e4 e5 2. f4 exf4 3. Nf3 g5 4. Bc4 g4 5. O-O gxf3 6. Qxf3 Qf6 7. c3 Nc6 8. d4 Nxd4 9. Bxf7+ Qxf7 10. cxd4 Bg7 11. e5 d6 12. Bxf4 Ne7 13. Nc3 O-O 14. Qd3 Qg6 15. Qd2 Bd7 16. Rae1 Rae8 17. b4 Rf7 18. b5 Ref8 19. Rf2 dxe5 20. dxe5 Be6 21. Ne4 Nd5 22. Bg3 Rxf2 23. Nxf2 Bh6 24. Qd3 Be3 25. Qxg6+ hxg6 26. a4 Bd4 27. Re2 Nc3 28. Rd2 Bc4 29. Kh1 Ne2 30. e6 Rf5 31. e7 Kf7 32. Rxd4 0-1

[Event "Corr"]
[Site "?"]
[Date "2001.09.24"]
[Round "?"]
[White "Ratering Wim"]
[Black "Bieber Herbert"]
[Result "1/2-1/2"]
[WhiteElo "2249"]
[BlackElo "1914"]
[PlyCount "76"]
[EventDate "2001.??.??"]
[Source "www.chesslib.no"]
[SourceDate "2004.05.04"]

1. e4 e5 2. f4 exf4 3. Nf3 g5 4. Bc4 g4 5. O-O d5 6. exd5 gxf3 7. Qxf3 Bd6 8. d3 Ne7 9. Bxf4 Bxf4 10. Qxf4 O-O 11. Nc3 Ng6 12. Qg3 f5 13. Nb5 Na6 14. Qf2 Kg7 15. Rae1 f4 16. c3 Qg5 17. Nd4 Bd7 18. a4 Ne5 19. Bb5 Nc5 20. Bxd7 Nexd3 21. Qd2 Nxe1 22. Rxe1 Rad8 23. Ne6+ Nxe6 24. dxe6 Qe7 25. Qd4+ Rf6 26. b4 b6 27. Re4 Kg8 28. Rxf4 Rg6 29. b5 Qg5 30. Qf2 Rg7 31. g3 Qe7 32. Qd4 Rf8 33. Rxf8+ Kxf8 34. Qf4+ Kg8 35. Qxc7 Rg5 36. Kg2 Rc5 37. Qxa7 Qg5 38. Qb8+ Kg7 1/2-1/2

[Event "FRA-ch U16"]
[Site "?"]
[Date "2002.??.??"]
[Round "6.9"]
[White "Rebreyend Matthieu"]
[Black "Burkel Kevin"]
[Result "0-1"]
[WhiteElo "2020"]
[BlackElo "2133"]
[PlyCount "36"]
[EventDate "2002.??.??"]
[Source "www.chesslib.no"]
[SourceDate "2004.05.04"]

1. e4 e5 2. f4 exf4 3. Nf3 g5 4. Bc4 Nc6 5. O-O Bg7 6. c3 d6 7. d4 h6 8. h4 Qe7 9. hxg5 hxg5 10. Nxg5 Qxg5 11. Bxf7+ Kxf7 12. Bxf4 Qh5 13. Qb3+ Ke8 14. d5 Nd4 15. cxd4 Bxd4+ 16. Be3 Qh2+ 17. Kf2 Qh4+ 18. Ke2 Bg4+ 0-1

[Event "Struga FRM, 14. Men Ch"]
[Site "?"]
[Date "2005.07.11"]
[Round "3"]
[White "Arizanov Tome"]
[Black "Aleksovski Aleksandar"]
[Result "0-1"]
[WhiteElo "2147"]
[BlackElo "2004"]
[PlyCount "50"]
[EventDate "2005.??.??"]
[Source "www.chesslib.no"]
[SourceDate "2004.05.04"]

1. e4 e5 2. f4 exf4 3. Nf3 g5 4. Bc4 g4 5. Ne5 Qh4+ 6. Kf1 Nh6 7. Nd3 g3 8. Qf3 Ng4 9. Bxf7+ Kxf7 10. Qxg4 Qxg4 11. Ne5+ Kg7 12. Nxg4 d6 13. h3 h5 14. Nf2 gxf2 15. Kxf2 Be7 16. Rf1 Rf8 17. Ke2 Nc6 18. c3 Be6 19. d3 Bg5 20. Nd2 Rf7 21. Nf3 Bh6 22. b3 Ne5 23. d4 Nxf3 24. Kxf3 Kh7 25. Bd2 Rg8 0-1

[Event "Corr"]
[Site "?"]
[Date "2004.02.04"]
[Round "?"]
[White "Roberts Earl"]
[Black "Sveinsson Jon"]
[Result "0-1"]
[WhiteElo "2090"]
[BlackElo "2053"]
[PlyCount "54"]
[EventDate "2004.??.??"]
[Source "www.chesslib.no"]
[SourceDate "2004.05.04"]

1. e4 e5 2. f4 exf4 3. Nf3 g5 4. Bc4 g4 5. O-O gxf3 6. Qxf3 Qf6 7. e5 Qxe5 8. d3 Bh6 9. Nc3 Ne7 10. Bd2 Nbc6 11. Rae1 Qf5 12. Nd5 Kd8 13. Qe2 Qe6 14. Nxe7 Qxe7 15. Bc3 Rg8 16. Qh5 Qg5 17. Rf2 Rf8 18. Rfe2 d5 19. Qxg5+ Bxg5 20. Bxd5 Be6 21. Bxe6 fxe6 22. Rxe6 Kd7 23. d4 Rae8 24. Rxe8 Rxe8 25. Rxe8 Kxe8 26. Kf2 b5 27. a3 Bf6 0-1

[Event "Corr"]
[Site "?"]
[Date "2002.03.19"]
[Round "?"]
[White "Nagley Tim"]
[Black "Jobe Tom B"]
[Result "1-0"]
[WhiteElo "2218"]
[BlackElo "1911"]
[PlyCount "96"]
[EventDate "2002.??.??"]
[Source "www.chesslib.no"]
[SourceDate "2004.05.04"]

1. e4 e5 2. f4 exf4 3. Nf3 g5 4. Bc4 g4 5. O-O gxf3 6. Qxf3 Qf6 7. d3 Bh6 8. Nc3 Ne7 9. Bxf4 Bxf4 10. Qxf4 Qxf4 11. Rxf4 f5 12. exf5 c6 13. Re1 Kd8 14. Bf7 d5 15. f6 Ng6 16. Bxg6 hxg6 17. Ne2 Nd7 18. Nd4 Nf8 19. Re7 Bd7 20. Nf3 Kc7 21. Ng5 Re8 22. g3 Kc8 23. Nf7 Ne6 24. Nxh8 Rxh8 25. Rg4 Nf8 26. Ra4 a6 27. h4 Ne6 28. Rg4 Nf8 29. Rf4 Ne6 30. Rf2 Kd8 31. Kg2 Re8 32. Rh7 Nf8 33. Rg7 Re3 34. g4 Bxg4 35. Rxb7 Bc8 36. Rf7 Ke8 37. Rg7 Bh3+ 38. Kg1 Bd7 39. a3 c5 40. Rf4 a5 41. Kf2 Rh3 42. Re7+ Kd8 43. Kg2 g5 44. hxg5 Rh5 45. Rg7 Ne6 46. Rg8+ Kc7 47. Rf5 Kd6 48. Kg3 Nd4 1-0

[Event "Corr"]
[Site "?"]
[Date "2004.02.04"]
[Round "?"]
[White "Sveinsson Jon"]
[Black "Roberts Earl"]
[Result "1/2-1/2"]
[WhiteElo "2027"]
[BlackElo "2092"]
[PlyCount "43"]
[EventDate "2004.??.??"]
[Source "www.chesslib.no"]
[SourceDate "2004.05.04"]

1. e4 e5 2. f4 exf4 3. Nf3 g5 4. Bc4 g4 5. O-O gxf3 6. Qxf3 Qf6 7. e5 Qxe5 8. Bxf7+ Kxf7 9. d4 Qf5 10. Bxf4 Nf6 11. Qe2 Qe6 12. Be5 Bg7 13. Nc3 Rf8 14. Nd5 Qxd5 15. Bxf6 Bxf6 16. Rxf6+ Kxf6 17. Rf1+ Kg6 18. Rxf8 Qxd4+ 19. Kh1 Nc6 20. Qf3 Kg7 21. Rf7+ Kg8 22. Rf8+ 1/2-1/2

[Event "TGT 1.1"]
[Site "match # 9"]
[Date "1998.??.??"]
[Round "?"]
[White "Becker, Axel"]
[Black "Schenning, Albert"]
[Result "1/2-1/2"]
[WhiteElo "2050"]
[BlackElo "2055"]
[PlyCount "56"]
[EventDate "1998.06.15"]
[Source "www.chesslib.no"]
[SourceDate "2004.05.04"]

1. e4 e5 2. f4 exf4 3. Nf3 g5 4. Bc4 g4 5. O-O gxf3 6. Qxf3 Qf6 7. d3 Bh6 8. Bxf4 d6 9. Bxh6 Qxf3 10. Rxf3 Nxh6 11. Rf6 Ng4 12. Rxf7 Nd7 13. Rg7 Nge5 14. Nd2 Nxc4 15. Nxc4 b5 16. Ne3 Bb7 17. Rf1 O-O-O 18. Rff7 h5 19. Nf5 Rhf8 20. Ne7+ Kb8 21. Rxf8 Rxf8 22. Ng6 Rd8 23. Rh7 Nf6 24. Rh6 Bc8 25. h3 a6 26. Nf4 Rf8 27. Nxh5 Nxh5 28. Rxh5 Be6 1/2-1/2

[Event "TGT 1.1"]
[Site "match # 10"]
[Date "1998.06.16"]
[Round "?"]
[White "Schenning, Albert"]
[Black "Becker, Axel"]
[Result "1-0"]
[WhiteElo "2055"]
[BlackElo "2050"]
[PlyCount "35"]
[EventDate "1998.06.16"]
[Source "www.chesslib.no"]
[SourceDate "2004.05.04"]

1. e4 e5 2. f4 exf4 3. Nf3 g5 4. Bc4 g4 5. O-O d5 6. exd5 gxf3 7. Qxf3 Bh6 8. d3 Ne7 9. Bxf4 Bxf4 10. Nc3 Bxh2+ 11. Kxh2 Qd6+ 12. Kg1 Qg6 13. Rae1 Kd8 14. d6 Qxd6 15. Qxf7 Bd7 16. Qg7 Ng6 17. Bg8 a5 18. Ne4 1-0

[Event "Corr"]
[Site "?"]
[Date "1999.07.16"]
[Round "?"]
[White "Pljusnin Victor"]
[Black "Quadri Sergio Fabian"]
[Result "0-1"]
[WhiteElo "1878"]
[BlackElo "2196"]
[PlyCount "68"]
[EventDate "1999.??.??"]
[Source "www.chesslib.no"]
[SourceDate "2004.05.04"]

1. e4 e5 2. f4 exf4 3. Nf3 g5 4. Bc4 g4 5. O-O gxf3 6. Qxf3 Qf6 7. e5 Qxe5 8. Bxf7+ Kxf7 9. d4 Qxd4+ 10. Be3 Qf6 11. Nc3 Ne7 12. Nd5 Qf5 13. Nxc7 Ng6 14. Nxa8 Bc5 15. Nc7 Kg7 16. Bf2 Qxc2 17. Nd5 Nc6 18. Bxc5 Qxc5+ 19. Kh1 Nce5 20. Qd1 Rf8 21. Rc1 Qb5 22. Rc2 b6 23. Nc3 Qa5 24. Qd4 Qc5 25. Qe4 Qc4 26. Rd1 Qxe4 27. Nxe4 Bb7 28. Nd6 Bc6 29. Kg1 f3 30. gxf3 Nxf3+ 31. Kf1 Nxh2+ 32. Ke1 Rf1+ 33. Kd2 Nf3+ 34. Kc1 Rxd1+ 0-1

[Event "TGT"]
[Site "?"]
[Date "1998.??.??"]
[Round "?"]
[White "Schenning, Albert"]
[Black "Collier, Robert"]
[Result "1-0"]
[WhiteElo "2055"]
[BlackElo "2015"]
[PlyCount "63"]
[EventDate "1998.??.??"]
[Source "www.chesslib.no"]
[SourceDate "2004.05.04"]

1. e4 e5 2. f4 exf4 3. Nf3 g5 4. Bc4 g4 5. O-O gxf3 6. Qxf3 Bc5+ 7. Kh1 Qf6 8. c3 c6 9. d4 d5 10. exd5 Bd6 11. Nd2 Bf5 12. Ne4 Bxe4 13. Qxe4+ Qe7 14. Qf5 Nd7 15. dxc6 Nb6 16. Bxf4 Nxc4 17. Rae1 bxc6 18. b3 Bxf4 19. Qxf4 Nb6 20. Qd6 Rd8 21. Qxc6+ Rd7 22. c4 h5 23. c5 Rh6 24. Rxe7+ Kxe7 25. Qb5 Nc8 26. c6 Rdd6 27. Qb7+ Kd8 28. c7+ Kd7 29. Rxf7+ Nge7 30. Rf8 Rhf6 31. Rd8+ Ke6 32. g4 1-0

[Event "TGT"]
[Site "?"]
[Date "1998.??.??"]
[Round "?"]
[White "Collier, Robert"]
[Black "Schenning, Albert"]
[Result "0-1"]
[WhiteElo "2015"]
[BlackElo "2055"]
[PlyCount "48"]
[EventDate "1998.??.??"]
[Source "www.chesslib.no"]
[SourceDate "2004.05.04"]

1. e4 e5 2. f4 exf4 3. Nf3 g5 4. Bc4 g4 5. O-O gxf3 6. Rxf3 d5 7. exd5 Bd6 8. Rf1 Qh4 9. Qe1+ Qxe1 10. Rxe1+ Ne7 11. d4 Rg8 12. Nd2 Bf5 13. Bb3 Nd7 14. Kh1 O-O-O 15. c4 Ng6 16. Nf3 Bb4 17. Rd1 Be4 18. Ng5 f5 19. Rf1 Bd3 20. Rf3 Rde8 21. Bd2 Bxd2 22. Rxd3 Re2 23. Rd1 Be3 24. Nf3 Nf6 0-1

[Event "TGT"]
[Site "?"]
[Date "1998.??.??"]
[Round "?"]
[White "Hanison, Bernard"]
[Black "Schenning, Albert"]
[Result "0-1"]
[WhiteElo "2010"]
[BlackElo "2055"]
[PlyCount "21"]
[EventDate "1998.??.??"]
[Source "www.chesslib.no"]
[SourceDate "2004.05.04"]

1. e4 e5 2. f4 exf4 3. Nf3 g5 4. Bc4 g4 5. O-O gxf3 6. Qxf3 Qf6 7. c3 Nc6 8. Qxf4 Qxf4 9. Rxf4 Ne5 10. Bb3 Nd3 11. Rxf7 0-1

[Event "TGT"]
[Site "?"]
[Date "1998.??.??"]
[Round "?"]
[White "Schenning, Albert"]
[Black "Hanison, Bernard"]
[Result "1-0"]
[WhiteElo "2055"]
[BlackElo "2010"]
[PlyCount "27"]
[EventDate "1998.??.??"]
[Source "www.chesslib.no"]
[SourceDate "2004.05.04"]

1. e4 e5 2. f4 exf4 3. Nf3 g5 4. Bc4 g4 5. O-O gxf3 6. Qxf3 Qf6 7. d3 Bc5+ 8. Kh1 d6 9. Bxf4 Nc6 10. Nc3 Bb6 11. Qg3 Nd8 12. Bxd6 Qxd6 13. Qg7 Bd4 14. e5 1-0

[Event "TGT 01.07"]
[Site "email"]
[Date "1998.09.30"]
[Round "?"]
[White "Marchisotti, Dr Mauro"]
[Black "Collier, Robert"]
[Result "1-0"]
[WhiteElo "2044"]
[BlackElo "2019"]
[PlyCount "55"]
[EventDate "1998.09.30"]
[Source "www.chesslib.no"]
[SourceDate "2004.05.04"]

1. e4 e5 2. f4 exf4 3. Nf3 g5 4. Bc4 g4 5. O-O gxf3 6. Qxf3 Nf6 7. Qxf4 d5 8. Bb3 Bc5+ 9. Kh1 Nbd7 10. e5 Be7 11. d4 Rg8 12. Nc3 Rg4 13. Qe3 Rg6 14. Nxd5 Nxd5 15. Bxd5 f6 16. Be4 f5 17. Bxf5 Rb6 18. Qf3 Nf8 19. Be4 Qd7 20. Bg5 Ne6 21. Qf7+ Kd8 22. Qg8+ Qe8 23. Bxe7+ Kxe7 24. Qg3 c6 25. Bf5 Kd8 26. Bxe6 Qxe6 27. Rf6 Qe7 28. Raf1 1-0

[Event "TGT 01.07"]
[Site "email"]
[Date "1998.09.30"]
[Round "?"]
[White "Collier, Robert"]
[Black "Marchisotti, Dr Mauro"]
[Result "0-1"]
[WhiteElo "2019"]
[BlackElo "2044"]
[PlyCount "62"]
[EventDate "1998.09.30"]
[Source "www.chesslib.no"]
[SourceDate "2004.05.04"]

1. e4 e5 2. f4 exf4 3. Nf3 g5 4. Bc4 g4 5. O-O gxf3 6. Qxf3 Qf6 7. d3 Nc6 8. Bxf4 d6 9. Nc3 Be6 10. Nd5 Qd8 11. Bg5 Qxg5 12. Nxc7+ Kd7 13. Nxa8 Bg7 14. Bxe6+ fxe6 15. c3 Nf6 16. Qf4 Qg6 17. d4 Rxa8 18. e5 dxe5 19. dxe5 Nd5 20. Qf7+ Nde7 21. Rad1+ Kc7 22. Qxg6 hxg6 23. Rf7 Bxe5 24. Re1 Kd7 25. Rd1+ Bd6 26. c4 Ne5 27. Rf4 Kc7 28. Re4 Bc5+ 29. Kf1 Rf8+ 30. Ke1 N7c6 31. a3 a5 0-1

[Event "Corr"]
[Site "?"]
[Date "2002.12.20"]
[Round "?"]
[White "Grobler David J"]
[Black "Turko Sergey"]
[Result "0-1"]
[WhiteElo "1963"]
[BlackElo "2092"]
[PlyCount "78"]
[EventDate "2002.??.??"]
[Source "www.chesslib.no"]
[SourceDate "2004.05.04"]

1. e4 e5 2. f4 exf4 3. Nf3 g5 4. Bc4 g4 5. O-O gxf3 6. Qxf3 Qf6 7. Nc3 Qd4+ 8. Kh1 Qxc4 9. b3 Qe6 10. Nd5 Bd6 11. e5 Qxe5 12. Ba3 Kd8 13. Rae1 Qg5 14. Qc3 Qxd5 15. Qxh8 Qg5 16. Bb2 c5 17. Bg7 Kc7 18. Qxg8 Qg6 19. Re8 Nc6 20. Bf8 Bxf8 21. Rxf8 Qxc2 22. Rxf7 Qxd2 23. Qxh7 Qxa2 24. Qf5 Qxb3 25. Qxf4+ Kb6 26. Qd6 c4 27. R7f4 Qd3 28. Qxd3 cxd3 29. h4 d5 30. Rf8 d2 31. Rd1 Bg4 32. Rb1+ Kc5 33. Rxa8 d1=Q+ 34. Rxd1 Bxd1 35. Rh8 d4 36. Kg1 Kc4 37. Kf2 Kc3 38. h5 d3 39. h6 d2 0-1

[Event "TGT 01.07"]
[Site "email"]
[Date "1998.09.30"]
[Round "?"]
[White "Perez, Giorgio"]
[Black "Marchisotti, Dr Mauro"]
[Result "0-1"]
[WhiteElo "2008"]
[BlackElo "2044"]
[PlyCount "62"]
[EventDate "1998.09.30"]
[Source "www.chesslib.no"]
[SourceDate "2004.05.04"]

1. e4 e5 2. f4 exf4 3. Nf3 g5 4. Bc4 g4 5. O-O gxf3 6. Qxf3 Qf6 7. c3 Nc6 8. d4 Nxd4 9. Bxf7+ Qxf7 10. cxd4 Bh6 11. Nc3 Ne7 12. Bxf4 Bxf4 13. Qxf4 Qxf4 14. Rxf4 d6 15. Nb5 Kd7 16. Rf7 c6 17. Nc3 b5 18. Re1 b4 19. Nd1 Ba6 20. d5 Raf8 21. Rg7 Rfg8 22. Rf7 Ke8 23. Rf3 Rf8 24. Rb3 c5 25. Ne3 Rf4 26. a3 Rxe4 27. axb4 cxb4 28. Ra1 Bc8 29. Rxa7 Rf8 30. h3 h5 31. Ra8 h4 0-1

[Event "TGT 01.07"]
[Site "email"]
[Date "1998.09.30"]
[Round "?"]
[White "Marchisotti, Dr Mauro"]
[Black "Perez, Giorgio"]
[Result "1-0"]
[WhiteElo "2044"]
[BlackElo "2008"]
[PlyCount "79"]
[EventDate "1998.09.30"]
[Source "www.chesslib.no"]
[SourceDate "2004.05.04"]

1. e4 e5 2. f4 exf4 3. Nf3 g5 4. Bc4 g4 5. O-O gxf3 6. Qxf3 Qf6 7. d3 Bh6 8. Nc3 Ne7 9. Bxf4 Bxf4 10. Qxf4 Qxf4 11. Rxf4 f5 12. exf5 c6 13. Re1 Kd8 14. Bf7 d5 15. f6 Ng6 16. Bxg6 hxg6 17. Ne2 Rf8 18. Nd4 c5 19. Nf3 Nc6 20. f7 Nd4 21. Ng5 Bd7 22. Nh7 Kc7 23. Rf6 b6 24. c3 Nb5 25. Re7 Nd6 26. Ng5 Kd8 27. Re5 Kc7 28. Rxd5 Nxf7 29. Rxf7 Rxf7 30. Nxf7 Be6 31. Re5 Kd7 32. Ng5 Bxa2 33. Nf3 Re8 34. Rxe8 Kxe8 35. Ne5 g5 36. Kf2 b5 37. Kg3 Ke7 38. Kg4 Bd5 39. Kxg5 Bxg2 40. h4 1-0

[Event "Corr"]
[Site "?"]
[Date "2003.03.06"]
[Round "?"]
[White "Nagley Tim"]
[Black "Allen Richard G"]
[Result "1/2-1/2"]
[WhiteElo "2111"]
[BlackElo "1938"]
[PlyCount "47"]
[EventDate "2003.??.??"]
[Source "www.chesslib.no"]
[SourceDate "2004.05.04"]

1. e4 e5 2. f4 exf4 3. Nf3 g5 4. Bc4 g4 5. O-O gxf3 6. Qxf3 Qf6 7. d3 Bh6 8. Nc3 Qg7 9. Bxf4 d6 10. e5 Bxf4 11. Qxf4 dxe5 12. Bxf7+ Kd8 13. Qh4+ Ne7 14. Bd5 Nbc6 15. Rf7 Qg4 16. Qf6 Re8 17. Bxc6 Qd4+ 18. Kh1 bxc6 19. Ne4 Qxb2 20. Rf1 Bd7 21. Nc5 Rb8 22. Rf8 Qxc2 23. Rxe8+ Bxe8 24. Ne6+ 1/2-1/2

[Event "Corr"]
[Site "?"]
[Date "2003.??.??"]
[Round "?"]
[White "Jobe Tom B"]
[Black "Nagley Tim"]
[Result "0-1"]
[WhiteElo "1908"]
[BlackElo "2140"]
[PlyCount "38"]
[EventDate "2003.??.??"]
[Source "www.chesslib.no"]
[SourceDate "2004.05.04"]

1. e4 e5 2. f4 exf4 3. Nf3 g5 4. Bc4 g4 5. O-O gxf3 6. Qxf3 Qf6 7. c3 Nc6 8. d4 Nxd4 9. Bxf7+ Qxf7 10. cxd4 Bh6 11. Nc3 Ne7 12. Nb5 O-O 13. Nxc7 Rb8 14. b3 d6 15. Ba3 Bg7 16. Rad1 Qg6 17. e5 Bg4 18. Qc3 Bxd1 19. exd6 f3 0-1

[Event "Corr"]
[Site "?"]
[Date "2001.06.16"]
[Round "?"]
[White "Ventimiglia Chuck"]
[Black "Muller Henri"]
[Result "0-1"]
[WhiteElo "1978"]
[BlackElo "2054"]
[PlyCount "40"]
[EventDate "2001.??.??"]
[Source "www.chesslib.no"]
[SourceDate "2004.05.04"]

1. e4 e5 2. f4 exf4 3. Nf3 g5 4. Bc4 g4 5. O-O gxf3 6. Qxf3 Qf6 7. e5 Qxe5 8. Bxf7+ Kxf7 9. d4 Qf5 10. Bxf4 Nf6 11. Qe2 Qe6 12. Be5 Bg7 13. Qh5+ Kg8 14. Qh4 Qg4 15. Qf2 Nc6 16. c3 b6 17. Bxf6 Ba6 18. Qf3 Qxf3 19. Rxf3 Bxf6 20. Rxf6 Kg7 0-1

[Event "Corr"]
[Site "?"]
[Date "2004.02.12"]
[Round "?"]
[White "Sveinsson Jon"]
[Black "Tew Paul"]
[Result "0-1"]
[WhiteElo "2102"]
[BlackElo "1928"]
[PlyCount "120"]
[EventDate "2004.??.??"]
[Source "www.chesslib.no"]
[SourceDate "2004.05.04"]

1. e4 e5 2. f4 exf4 3. Nf3 g5 4. Bc4 g4 5. O-O gxf3 6. Qxf3 Qf6 7. e5 Qxe5 8. Bxf7+ Kxf7 9. d4 Qf5 10. Bxf4 Nf6 11. Nc3 d6 12. Qe2 Qe6 13. Qd2 Rg8 14. Bg5 Nbd7 15. Rae1 Qg4 16. h4 h6 17. Bxf6 Nxf6 18. Ne4 Be7 19. Rf4 Qg6 20. Nxf6 Bxf6 21. Ref1 Bh3 22. Rxf6+ Qxf6 23. Rxf6+ Kxf6 24. Qxh6+ Rg6 25. Qf4+ Kg7 26. Qe3 Bxg2 27. h5 Rg4 28. Qe6 Rg5 29. Qe7+ Kh6 30. Kf2 Bc6 31. Qf6+ Kxh5 32. Qf7+ Kh6 33. c4 Rg2+ 34. Kf1 Rg7 35. Qf4+ Kg6 36. Ke2 Re8+ 37. Kd3 Be4+ 38. Kc3 Bf5 39. Qg3+ Kf6 40. Qh4+ Rg5 41. Qh6+ Bg6 42. Kb4 Rg2 43. Ka3 b6 44. Qf4+ Kg7 45. Qf3 Ree2 46. Qc6 Rxb2 47. Qxc7+ Bf7 48. Qxd6 Rxa2+ 49. Kb4 Rgb2+ 50. Kc3 Rc2+ 51. Kd3 Bxc4+ 52. Ke4 Re2+ 53. Kf5 Rf2+ 54. Kg4 Rf6 55. Qc7+ Bf7 56. Qe5 Ra5 57. Qe7 Rd5 58. Qe3 Be6+ 59. Kg3 Rdf5 60. Qe4 Rg5+ 0-1

[Event "TGT"]
[Site "?"]
[Date "1998.??.??"]
[Round "?"]
[White "Hanison, Bernard"]
[Black "Collier, Robert"]
[Result "0-1"]
[WhiteElo "2010"]
[BlackElo "2015"]
[PlyCount "70"]
[EventDate "1998.??.??"]
[Source "www.chesslib.no"]
[SourceDate "2004.05.04"]

1. e4 e5 2. f4 exf4 3. Nf3 g5 4. Bc4 g4 5. O-O gxf3 6. Qxf3 Bc5+ 7. Kh1 Qg5 8. d3 Bd6 9. Bxf4 Bxf4 10. Qxf4 Qxf4 11. Rxf4 f6 12. Nc3 d6 13. Raf1 Nd7 14. Rg4 Ne7 15. Rg7 c6 16. Be6 Ng6 17. Bxd7+ Bxd7 18. Rxf6 Rf8 19. Rf3 O-O-O 20. Rxh7 Rxf3 21. gxf3 Rf8 22. Kg2 Ne5 23. f4 Rxf4 24. h4 Be6 25. h5 Rg4+ 26. Kf2 Rg8 27. d4 Ng4+ 28. Ke1 Bd7 29. a3 Kc7 30. Kd2 Rg5 31. Rh8 a6 32. b4 Nf6 33. h6 Rh5 34. a4 Rh2+ 35. Kd3 Be6 0-1